Microbilogy for nurses (Record no. 8538)

MARC details
000 -LEADER
fixed length control field 00934nam a22001817a 4500
020 ## - INTERNATIONAL STANDARD BOOK NUMBER
ISBN 0702009717
050 ## - CALL NUMBER
Classification number QR41 .S5
Item number .P22
100 ## - AUTHOR
Personal name Parker. Nargaret J.
245 ## - TITLE
Title Microbilogy for nurses
Statement of responsibility, etc Nargaret J. Parker., Strucke Vivian
260 ## - PUBLICATION INFORMATION
Place of publication London
Name of publisher Educational Low price Bookss Scheme
Year of publication 1990
300 ## - DESCRIPTION
Number of Pages 260p.
Other physical details ill. ;
Dimensions 17cm.
500 ## - NOTES
General note Includex index.
505 ## - FORMATTED CONTENTS NOTE
Table of Content 1. Introduction <br/>2. The history of Microbiology<br/>3. The Structure and Function of Micro- organisms<br/>4. Infections<br/>5. Immunity<br/>6. Chemotherapy-- summary of antimicrobiology<br/>7. Sterilization and disinfection<br/>8. Diagnostic Microbiology<br/>9. A guide to common pathogenic bacteria-- summary of bacterial treatment<br/>10. A guide to common viruses -- summary of viral treatment<br/>11. Applied microbiology<br/>12. Isolation technique <br/><br/>
650 ## - SUBJECTS
Topical Term iMicroorganisms
650 ## - SUBJECTS
Topical Term Pathogenic microorganisms
942 ## - ADDED ENTRY ELEMENTS (KOHA)
Koha item type Books
Holdings
Withdrawn status Lost status Home library Current library Shelving location Date acquired Source of acquisition Full call number Accession Number Koha item type
    Methodist University Library Main Methodist University Library Main General Stacks 25/02/2026 EPP Books QR41 .S5 .P22 9237 Books
    Methodist University Library Main Methodist University Library Main General Stacks 25/02/2026 EPP Books QR41 .S5 .P22 9236 Books
Copyright © 2026  MUG Library